Pays dont la capitale commence par M - Mort Subite - Statistiques

Statistiques générales
  • Ce quiz a été pris 124 fois
    19 depuis la dernière actualisation
  • Le résultat moyen est 14 sur 18
Answers on the Grid
Answers color-coded by a green-red scale on the quiz's grid according to % correct below.
Espagne
Îles Marshall
Maldives
Nicaragua
Bahreïn
Philippines
Mozambique
Oman
Lesotho
Eswatini
Mexique
Biélorussie
Somalie
Monaco
Liberia
Uruguay
Comores
Russie
Allemagne
Australie
Costa Rica
Italie
Inde
Moldavie
Maroc
Malawi
Burkina Faso
Tuvalu
Suriname
Suède
Irak
Malaisie
 
Statistiques - réponses
Réponse % Correct
Madrid Espagne
100%
Monaco Monaco
100%
Moscou Russie
100%
Montevideo Uruguay
100%
Mexico Mexique
94%
Minsk Biélorussie
88%
Monrovia Liberia
81%
Manille Philippines
81%
Mbabane Eswatini
75%
Malé Maldives
75%
Mascate Oman
75%
Mogadiscio Somalie
75%
Maputo Mozambique
69%
Maseru Lesotho
63%
Managua Nicaragua
63%
Manama Bahreïn
56%
Moroni Comores
56%
Majuro Îles Marshall
56%
Aucun quiz correspondant
Distribution des résultats
% des personnes avec chaque résultat
Percentile par nombre de réponses
Votre historique - résultats
Vous n’avez pas pris ce quiz depuis la dernière actualisation